000
00344nam a2200145Ia 4500
005
20260513122049.0
020
_a
9780262538008
100
_a
Devenport
365
_c
365
_b
25.00
942
_c
BK
245
_a
The AI Advantage: How to Put the Artificial Intelligence Revolution to Work
260
_b
MIT Press
999
_c
18
_d
18